00511 2200193 4500001002100000005001500021008004100036020002200077035001900099041000700118082001100125090001700136100002000153245004600173250001000219260004500229300003200274650001100306INLIS00000000001546320241224114935241224||||||||| | ||| |||| || |  a978-979-27-3751-6 0010-1224015463 aid0 a338.04 a338.04 PEN p0 aPeni R. Pramono00apembisnis bermartabat bukan perusak hutan aCet.1 aJakartabPT. Elex Media Komputindoc2008 ax + 132 hlm.; 14 cm x 21 cm 0aBisnis